000 00657nam a2200181Ia 4500
008 090122s9999 xx 000 0 und d
082 _b13095
_a181.4
100 _aसाळुंखे
_b
_c
245 _aआस्तिक शिरोमणी - चार्वाक
260 _bलोकायत
_c2006
300 _a160
501 _aज्ञानदा ग्रंथ वितरण
600 _aसाळुंखे
630 _aआस्तिक शिरोमणी - चार्वाक
700 _aसाळुंखे
730 _aआस्तिक शिरोमणी - चार्वाक
942 _cBOOK
999 _c37172
_d37172